Pathways 4 (Record no. 18351)
[ view plain ]
| 000 -LEADER | |
|---|---|
| fixed length control field | 00890cim a2200229 4500 |
| 005 - DATE AND TIME OF LATEST TRANSACTION | |
| control field | 20140923122035.0 |
| 007 - PHYSICAL DESCRIPTION FIXED FIELD--GENERAL INFORMATION | |
| fixed length control field | sd uuuuuudmuud |
| 008 - FIXED-LENGTH DATA ELEMENTS--GENERAL INFORMATION | |
| fixed length control field | 140710t2013 xx nnnnfs|||| 0s| c eng d |
| 024 ## - OTHER STANDARD IDENTIFIER | |
| Standard number or code | 9781111347802 |
| 024 ## - OTHER STANDARD IDENTIFIER | |
| Standard number or code | 1111347808 |
| 040 ## - CATALOGING SOURCE | |
| Original cataloging agency | EG-ScBUE |
| 082 04 - DEWEY DECIMAL CLASSIFICATION NUMBER | |
| Edition number | 22 |
| Classification number | 428.0071 |
| Item number | MAC |
| 100 1# - MAIN ENTRY--PERSONAL NAME | |
| 9 (RLIN) | 35971 |
| Personal name | MacIntyre, Paul |
| 245 10 - TITLE STATEMENT | |
| Title | Pathways 4 |
| Medium | [sound recording] : |
| Remainder of title | listening, speaking, and critical thinking : audio CDs / |
| Statement of responsibility, etc | Paul MacIntyre. |
| 260 ## - PUBLICATION, DISTRIBUTION, ETC. (IMPRINT) | |
| Place of publication, distribution, etc | [S. l.] : |
| Name of publisher, distributor, etc | National Geographic Learning : |
| -- | Cengage Learning, |
| Date of publication, distribution, etc | c.2013. |
| 300 ## - PHYSICAL DESCRIPTION | |
| Extent | 3 sound discs ; |
| Dimensions | 4 3/4 in. |
| 650 #0 - SUBJECT ADDED ENTRY--TOPICAL TERM | |
| Topical term or geographic name as entry element | English language |
| General subdivision | Study and teaching |
| -- | Foreign speakers |
| Form subdivision | Audio-visual aids |
| 9 (RLIN) | 36054 |
| 650 #0 - SUBJECT ADDED ENTRY--TOPICAL TERM | |
| 9 (RLIN) | 36053 |
| Topical term or geographic name as entry element | English language |
| Form subdivision | Textbooks for foreign speakers |
| -- | Audio-visual aids |
| 653 ## - INDEX TERM--UNCONTROLLED | |
| Resource For college | |
| Arrived date list | July2014 |
| 710 2# - ADDED ENTRY--CORPORATE NAME | |
| 9 (RLIN) | 35969 |
| Corporate name or jurisdiction name as entry element | National Geographic Learning (Firm) |
| 942 ## - ADDED ENTRY ELEMENTS (KOHA) | |
| Source of classification or shelving scheme | Dewey Decimal Classification |
| Item type | |
| Call number prefix | 428.0071 MAC |
| Withdrawn status | Lost status | Source of classification or shelving scheme | Damaged status | Not for loan | Koha collection | Location (home branch) | Sublocation or collection (holding branch) | Shelving location | Date acquired | Source of acquisition | Cost, normal purchase price | Invoice Number | Koha issues (times borrowed) | Koha renewals | Koha full call number | Piece designation (barcode) | Koha date last seen | Koha date last borrowed | Cost, replacement price | Price effective from | Koha item type | Public note |
|---|---|---|---|---|---|---|---|---|---|---|---|---|---|---|---|---|---|---|---|---|---|---|
| Dewey Decimal Classification | ILB | Central Library | Central Library | Second Floor | 13/07/2014 | 220.00 | 4032 | 2 | 2 | 428.0071 MAC | 000036062 | 24/08/2022 | 14/02/2017 | 275.00 | 13/07/2014 | CD | DVD - (NB) | 3 audio CDs |